Curso internacional. Metodología para la determinación de la vida útil en alimentos

Gespeichert in:
Bibliographische Detailangaben
Hauptverfasser: Labuza, Theodore P (VerfasserIn), Simpson R., Ricardo (VerfasserIn)
Weitere Verfasser: Jiménez Serrano, Gabriel (autor)
Format: Buch
Sprache:Spanisch
Veröffentlicht: Valparaíso Universidad Católica de Valparaíso 1995
Schlagworte:
Tags: Tag hinzufügen
Keine Tags, Fügen Sie den ersten Tag hinzu!

MARC

LEADER 00000nam a2200000 a 4500
001 UCU4928
003 CL-VaPUC
008 960531e19950000CL |||||||||||||||||spa|d
082 0 4 |a 664  |b LAB  |2 21 
100 |a Labuza, Theodore P  |e author  |9 581980 
700 |a Jiménez Serrano, Gabriel  |e autor  |9 819106 
700 0 |a Simpson R., Ricardo  |e author  |9 362662 
245 1 0 |a Curso internacional. Metodología para la determinación de la vida útil en alimentos 
300 |a pag. irreg 
942 |c BK 
945 |d 19960531 00:00:00  |a rleighto 
260 |a Valparaíso  |b Universidad Católica de Valparaíso  |c 1995 
650 0 |a Alimentos  |9 256203 
650 7 |a CONTROL DE ALIMENTOS  |2 CL-VaPUC  |9 262967 
650 0 |a Industria alimentaria  |9 331702 
650 7 |a TECNOLOGIA DE ALIMENTOS  |2 CL-VaPUC  |9 362663 
650 0 |a Tecnología química   |9 263002 
650 7 |a PRODUCCION ALIMENTARIA  |2 CL-VaPUC  |9 341875 
583 |a last modification  |c 19960531 00:00:00  |k Rodrigo Vera 
999 |c 248452  |d 248450 
952 |0 0  |1 0  |4 0  |6 664_000000000000000_LAB_1995  |7 0  |8 A  |9 265072  |a BIBALI  |b BIBALI  |c GEN  |d 2019-11-19  |i 3199967  |o 664 LAB 1995  |p 3199967  |r 2025-01-20  |w 2019-11-19  |y BK  |k ALI 
952 |0 0  |1 0  |4 0  |6 664_000000000000000_LAB_1995  |7 0  |8 A  |9 265073  |a BIBALI  |b BIBALI  |c GEN  |d 2019-11-19  |i 3199975  |o 664 LAB 1995  |p 3199975  |r 2025-01-20  |w 2019-11-19  |y BK  |k ALI 
952 |0 0  |1 0  |4 0  |6 664_000000000000000_LAB_1995  |7 0  |8 A  |9 265074  |a BIBALI  |b BIBALI  |c GEN  |d 2019-11-19  |i 3199983  |o 664 LAB 1995  |p 3199983  |r 2025-01-20  |w 2019-11-19  |y BK  |k ALI 
952 |0 0  |1 0  |2 ddc  |4 0  |6 664_000000000000000_LAB_1995  |7 0  |8 A  |9 265075  |a BIBALI  |b BIBALI  |c GEN  |d 2019-11-19  |i 3584518  |o 664 LAB 1995  |p 3584518  |r 2025-01-20  |w 2019-11-19  |y BK  |k ALI 
952 |0 0  |1 0  |2 ddc  |4 0  |6 664_000000000000000_LAB_1995  |7 0  |8 A  |9 265076  |a BIBALI  |b BIBALI  |c GEN  |d 2019-11-19  |i 3584526  |o 664 LAB 1995  |p 3584526  |r 2025-01-20  |w 2019-11-19  |y BK  |k ALI